000 00449nam a2200169Ia 4500
001 7506
003 IN-NITTTR
005 20251114233029.0
008 251113s9999||||xx |||||||||||||| ||eng||
040 _beng
040 _cIN-NITTTR
041 _aeng
082 _a669 T226M
100 _aTechnical Teachers Training Institute, Bhopal.
245 0 _aMetal process engineering. /
_cTechnical Teachers Training Institute, Bhopal.
942 _2ddc
_cBK
999 _c10144
_d10144